| 000 | 00356nam a22001337a 4500 | ||
|---|---|---|---|
| 008 | 150904b xxu||||| |||| 00| 0 eng d | ||
| 020 | _a0449244741 | ||
| 050 | _aPS3525.I19 C68 | ||
| 100 | _aMichener, James A. | ||
| 245 |
_aThe Covenant. / _cJames A. Michener. |
||
| 260 |
_aNew York: _bFawcett Crest, _c1980. |
||
| 300 |
_a1238p.: _c18cm. |
||
| 942 |
_2lcc _cBK |
||
| 999 |
_c5736 _d13236 |
||